000 00754nam a2200241Ia 4500
003 OSt
005 20220923215311.0
006 a|||||r|||| 00| 0
007 ta
008 220922b |||||||| |||| 00| 0 hin d
024 _a177,567
037 _cTextual
040 _aARTS
_cARTS
_bhin
041 _2hin
_ahin
082 _aO152,1:g(P:75), M03
100 _aशर्मा, राम मूर्ति
245 0 _aध्वनि सिद्धान्त
246 _aDhvani siddhānta
260 _aदिल्ली
_b अजन्ता पब्लि0
_c1980
300 _a215 पृ.
_ccm.
942 _hO152,1:g(P:75), M03
_cTEXL
_2CC
999 _c330955
_d330955